Bodies that matter : on the discursive limits of "sex" = Cuerpos que importan : sobre los límites discursevos del sexo /
Tallennettuna:
| Päätekijä: | |
|---|---|
| Aineistotyyppi: | Tuntematon |
| Kieli: | English |
| Julkaistu: |
New York :
Routledge,
1993.
|
| Aiheet: | |
| Tagit: |
Lisää tagi
Ei tageja, Lisää ensimmäinen tagi!
|
MARC
| LEADER | 000000000a22000000004500 | ||
|---|---|---|---|
| 001 | 014142 | ||
| 020 | |a 0415903661 | ||
| 041 | 0 | |a eng | |
| 082 | 0 | 4 | |a 305.3 |b B985b |
| 100 | 1 | |a Butler, Judith, |d 1956- | |
| 245 | 1 | 0 | |a Bodies that matter : |b on the discursive limits of "sex" = Cuerpos que importan : sobre los límites discursevos del sexo / |c Judith Butler. |
| 246 | 3 | 1 | |a Cuerpos que importan : sobre los límites discursevos del sexo |
| 260 | 1 | |a New York : |b Routledge, |c 1993. | |
| 300 | |a 288 páginas ; |c 23 cm. | ||
| 650 | 4 | |a TEORIA FEMINISTA | |
| 650 | 4 | |a ROL DE SEXO | |
| 650 | 4 | |a FILOSOFIA | |
| 650 | 4 | |a DIFERENCIAS DE SEXO | |
| 650 | 4 | |a ORIENTACION SEXUAL | |
| 650 | 4 | |a IDENTIDAD | |
| 500 | |a Colección George Yúdice | ||
| 999 | |c 20039 |d 20039 | ||
| 942 | |c BK |h 305.3 B985b |2 z | ||



